|
|
|
|
| LEADER |
00000cam a2200000 4500 |
| 001 |
vtls012231194 |
| 003 |
SK-MaSNL |
| 005 |
20260301073624.0 |
| 008 |
230602s2021 rb al c p 000 0 slo |
| 015 |
|
|
|a SNBZSA2024/03
|
| 020 |
|
|
|a 9788653304430
|q (brožované)
|
| 040 |
|
|
|a SNK
|b slo
|c SNK
|e rda
|
| 041 |
1 |
|
|a slo
|h srp
|
| 044 |
|
|
|a rb
|c RS
|
| 072 |
|
7 |
|a 37.016
|x Učebné osnovy. Vyučovacie predmety. Učebnice
|2 konspekt
|
| 072 |
|
7 |
|a 51
|x Matematika
|2 konspekt
|
| 080 |
|
|
|a 51
|2 2011
|
| 080 |
|
|
|a (075.2)
|2 2011
|
| 100 |
1 |
|
|a Popović, Branislav,
|d 1954-
|4 aut
|9 224071
|
| 240 |
1 |
0 |
|a Matematika 6 zbirka zadataka
|l Slovensky
|
| 245 |
1 |
0 |
|a Matematika 6
|b zbierka úloh s riešeniami pre šiesty ročník základnej školy
|c Branislav Popović, Marija Stanićová, Nenad Vulović, Sanja Milojevićová ; preložil: Ján Hemela
|
| 246 |
3 |
3 |
|a Matematika 6
|
| 250 |
|
|
|a druhé vydanie
|
| 264 |
|
1 |
|a Belehrad
|b Klett
|c 2021
|
| 300 |
|
|
|a 155 strán
|b grafy, ilustrácie, vzory
|c 29 cm
|e 1 zošit riešení (67 strán)
|
| 336 |
|
|
|a text
|b txt
|2 rdacontent
|
| 337 |
|
|
|a bez média
|b n
|2 rdamedia
|
| 338 |
|
|
|a zväzok
|b nc
|2 rdacarrier
|
| 650 |
0 |
7 |
|a matematika
|2 SNKPH
|9 70174
|
| 650 |
0 |
7 |
|a Mathematics
|2 SNKPHeng
|9 265620
|
| 655 |
|
7 |
|a učebnice základných škôl
|2 SNKPH
|9 70187
|
| 655 |
|
7 |
|a Textbooks (elementary)
|2 SNKPHeng
|9 276977
|
| 700 |
1 |
|
|a Stanić, Marija,
|d 1975-
|4 aut
|9 224072
|
| 700 |
1 |
|
|a Vulović, Nenad,
|d 1979-
|4 aut
|9 224073
|
| 700 |
1 |
|
|a Milojević, Sanja,
|d 1974-
|4 aut
|9 224074
|
| 700 |
1 |
|
|a Hemela, Ján,
|d 1961-
|4 trl
|9 230025
|
| 852 |
|
|
|a Slovenská národná knižnica
|
| 919 |
|
|
|a 978-86-533-0443-0
|
| 954 |
|
|
|a odborná, vedecká literatúra cudzojazyčná (svetová)
|2 lita
|
| 958 |
|
|
|a ZS
|
| 958 |
|
|
|a OP
|
| 968 |
|
|
|b SCR
|
| 999 |
|
|
|c 644739
|d 646669
|
| 952 |
|
|
|a SNK
|b SNK
|y PREZ
|7 0
|p 17A1539025
|o snkSB 99843
|i snk2023/17479
|8 2
|g 11.89
|3 Dokument obsahuje prílohu: Matematika 6, riešenia pri zbierke úloh pre šiesty ročník základnej školy -- Dokument obahuje prílohu: Matematika 6, riešenia pri zbierke úloh pre šiesty ročník základnej školy
|0 0
|1 0
|4 0
|d 2023-06-02
|f 1
|l 0
|r 2025-05-19 00:00:00
|w 2026-02-23
|
| 952 |
|
|
|a SNK
|b SNK
|y PREZ
|7 0
|p 17A1539026
|o snkSB 99843/príl.
|i snk2023/17479
|8 2
|3
|z 1 príloha: Matematika 6, riešenia pri zbierke úloh pre šiesty ročník základnej školy
|0 0
|1 0
|4 0
|d 2023-06-02
|f 1
|l 0
|r 2025-05-19 00:00:00
|w 2026-02-23
|